'J' in Geography Quiz Stats

 Plays Quiz Updated Jun 17, 2018

Also try: 'I' in Geography
Challenge
Share
Tweet
Score 0/16 Timer 05:00
555 Plays Today
Question Answer % Correct
Can you name the country whose flag is in the images above?Japan
98.5%
What is the name of the Holy City situated between the Mediterranean and Dead Sea?Jerusalem
96.4%
Which airport handles the most international passengers per year in the US?John F. Kennedy
86.4%
What city was previously known as Batavia when the country was known as Dutch East Indies?Jakarta
83.2%
Can you name the country whose outline is in the images above?Jamaica
82.3%
What city is the capital and most populated in Mississippi, US?Jackson
80.7%
Which city, the world's largest not situated on a river, lake or coastline, is South Africa's largest?Johannesburg
80.4%
Can you name the country whose passport is in the images above?Jordan
78.8%
Question Answer % Correct
What is the state capital of Alaska?Juneau
78.3%
Which British Crown dependency was the Garden state named after?Jersey
70.9%
Which island is the 13th largest by size but is the world's most populous?Java
67.2%
What name is given to the narrow, fast moving air currents in the atmosphere?Jet Stream
66.9%
Can you name the peninsula shown in the images above?Jutland
53.1%
Which Ciudad (city) lies on the US-Mexico border adjacent to El Paso?Juárez
49.1%
What is the world's newest capital city?Juba
47.9%
What is Saudi Arabia's second largest city and the gateway to Mecca?Jeddah
40.8%

You're not logged in!

Compare scores with friends on all Sporcle quizzes.
OR
Log In

You Might Also Like...

Show Comments

Extras

Top Quizzes Today


Score Distribution

Your Account Isn't Verified!

In order to create a playlist on Sporcle, you need to verify the email address you used during registration. Go to your Sporcle Settings to finish the process.

Report this User

Report this user for behavior that violates our Community Guidelines.

Details: